000
00208 a2200097 4500
001
27481
100
_a
Dorn, M S
245
_a
Numerical Methods with Fortran IV C S
260
_a
_b
_c
090
_c
18275
_d
18275
942
_a
NUST-CAE
_c
M
_c
9197
999
_c
262554
_d
262554